00497nam a2200205Ia 4500003000400000005001700004008004100021020001500062040000700077041000800084082001900092100003800111245004000149250000600189260003900195300001200234365001300246650001400259650001800273OSt20230405144045.0210423s2006 xx 000 0 und d a8178296438 cAL aeng a305.40954 JOSA aJOSEPH (Ammu);SHARMA (Kalpana),Ed aWhose news: media and womens issues a2 aNew DelhibSage Publicationsc2006 a406bPB b450cINR aSociology aWomen Studies